00618nam a22001937a 45000010005000000030004000050050017000090070003000260080041000290240014000700240020000840400008001041000020001122450105001322600087002374900037003247000020003618300043003816104OSt20170921101517.0tu161220s2002 fi ||||| |||||||||||eng d7 a61042RID7 a61042RSN (alt) cOSt1 aKim, Byung-Yeon10aEquilibrium exchange rates in transition countries: Evidence from dynamic heterogeneous panel models aHelsinki :bInstitute for Economies in Transition, Bank of Finland (BOFIT),c2002.1 aBOFIT Discussion Papersv15/20021 aKorhonen, Iikka 0tBOFIT Discussion Papersv15/2002w7888